000 00641cam a22002293a 4500
001 26457
003 PGUSA
005 20140828083554.0
008 080828s2008||||xxu|||||s|||||000 | eng d
040 _aPGUSA
_beng
042 _adc
050 4 _aQL
100 1 _aHuber, François,
_d1750-1831
245 1 0 _aNew observations on the natural history of bees
_h[electronic resource] /
_cFrançois Huber
260 _bProject Gutenberg,
_c2008
506 _aPublic domain in the USA.
516 _aElectronic text
653 _aBees
830 0 _aProject Gutenberg
_v26457
856 4 0 _uhttp://www.gutenberg.org/ebooks/26457
942 _cEB
999 _c255712
_d255712